000 00797nam a2200265Ia 4500
003 OSt
005 20220918110639.0
006 a|||||r|||| 00| 0
007 ta
008 220915b |||||||| |||| 00| 0 hin d
024 _a59938
037 _cReference Collections
040 _aARTS
_cARTS
_bhin
041 _2hin
_ahin
082 _aP15,C4x1,1, 152L8 (RR)
100 _aAmarasimha
245 0 _aAmarakosa
_b namalinganusasana , ed with Maniprabha hindi comm by Haragovinda Sastri
250 _a4th
260 _aVaranasi
_bChowkhamba Sanskrit Series Office
_c1978
300 _a568,144p.
490 _aHaridas sanskrit series; 30
650 _aLINGUISTICS
942 _hP15,C4x1,1, 152L8 (RR)
_cREF
999 _c113853
_d113853